000 01142cam a22002651i 4500
003 SA-RiAUC
005 20250910115220.0
008 250907s2013 mr g f00010 ara c
020 _a9789954601242
040 _aSA-MaUQU
_bara
_cSA-RiAUC
_erda
082 0 4 _a745.6191
_qSA-RiAUC
090 _a745.6191
_bر ب ا
100 1 _aالرباطي، أحمد بن محمد بن قاسم،
_dتوفي 1256 هجري
_eمؤلف.
245 1 0 _aنظم لآلئ السمط في حسن بديع الخط /
_cتأليف أحمد بن محمد بن قاسم الرفاعي الحسني الرباطي ؛ دراسة وتحقيق محمد صبري.
250 _aالطبعة الأولى.
264 1 _aالرباط :
_bمنشورات وزارة الأوقاف والشؤون الإسلامية،
_c2013
300 _a175 صفحة ؛
_c24 سم
336 _aنص
_btxt
_2rdacontent
_3كتاب
337 _aبدون وسيط
_bn
_2rdamedia
338 _aمجلد
_bnc
_2rdacarrier
650 7 _aالخط العربي
_vشعر
_2aucsh
700 1 _aصبري، محمد
_eمحقق.
942 _2ddc
_cBOOK
_n0
949 _aSA-JeALM
_d250907
_umohamedma123
_n1
999 _c11567
_d11567